|
|
|
|
| LEADER |
01182nam a2200349 4500 |
| 001 |
DLU090096881 |
| 005 |
##20091201 |
| 040 |
# |
# |
|a DLU
|b eng
|
| 041 |
# |
# |
|a eng
|
| 044 |
# |
# |
|a us
|
| 100 |
# |
# |
|a Stenson, Alexandra C.
|
| 245 |
# |
# |
|a Exact masses and chemical formulas of individual suwannee river fulvic acids from ultrahigh resolution electrospray ionization fourier transform ion cyclotron resonance mass spectra /
|c Alexandra C. Stenson, Alan G. Marshall, William T. Cooper.
|
| 653 |
# |
# |
|a Chemical formula
|
| 653 |
# |
# |
|a Chemical ionization
|
| 653 |
# |
# |
|a Fourier transform spectroscopy
|
| 653 |
# |
# |
|a Fulvic acid
|
| 653 |
# |
# |
|a Homologous series
|
| 653 |
# |
# |
|a Ion cyclotron resonance
|
| 653 |
# |
# |
|a Lignin
|
| 653 |
# |
# |
|a Mass spectrometry
|
| 700 |
# |
# |
|a Cooper, William T.
|
| 700 |
# |
# |
|a Marshall, Alan G.
|
| 773 |
# |
# |
|t Analytical Chemistry
|g Vol. 75, no. 6 (March 2003), p. 1275-1284
|
| 920 |
# |
# |
|a Phòng Tạp chí -- Trung tâm Thông tin - Thư viện Trường Đại học Đà Lạt
|
| 994 |
# |
# |
|a DLU
|
| 900 |
# |
# |
|a True
|
| 911 |
# |
# |
|a Trương Bảo Trâm Anh
|
| 925 |
# |
# |
|a G
|
| 926 |
# |
# |
|a A
|
| 927 |
# |
# |
|a BB
|
| 980 |
# |
# |
|a Thư viện Trường Đại học Đà Lạt
|